000 01240nam a2200325Ia 4500
001 ebr10201280
003 CaPaEBR
006 m u
007 cr cn|||||||||
008 020514s2002 njua sb 001 0 eng d
020 _z9789810248352
020 _z9789812388773
020 _z9810248350
020 _z9810248369
040 _aCaPaEBR
_cCaPaEBR
035 _a(OCoLC)560448980
050 1 4 _aTP248.3
_b.I58 2002eb
245 0 3 _aAn introduction to metabolic and cellular engineering
_h[electronic resource] /
_cS. Cortassa ... [et al.].
246 3 0 _aMetabolic and cellular engineering
260 _aRiver Edge, NJ :
_bWorld Scientific,
_cc2002.
300 _axvi, 248 p. :
_bill.
504 _aIncludes bibliographical references and index.
533 _aElectronic reproduction.
_bPalo Alto, Calif. :
_cebrary,
_d2009.
_nAvailable via World Wide Web.
_nAccess may be limited to ebrary affiliated libraries.
650 0 _aBiochemical engineering.
650 0 _aMetabolism.
655 7 _aElectronic books.
_2local
700 1 _aCortassa, S.
_q(Sonia)
710 2 _aebrary, Inc.
856 4 0 _uhttp://site.ebrary.com/lib/rucke/Doc?id=10201280
_zAn electronic book accessible through the World Wide Web; click to view
999 _c119581
_d119581